Fiktive Diktatoren - Statistiken

Allgemein
  • Dieses Quiz wurde 90 mal gespielt
  • Das Durchschnittsergebnis liegt bei 7 aus 15
Antwortstatistiken
Hint Antwort % Korrekt
Lord Voldemort Harry Potter
95%
Sauron Der Herr der Ringe
91%
Sheev Palpatine Star Wars
78%
Coriolanus Snow Die Tribute von Panem
64%
Doktor Doom Marvel Comics
62%
Jadis, die weiße Hexe Die Chroniken von Narnia
57%
Großer Bruder 1984
46%
Lord Business The LEGO Movie
43%
Napoleon Farm der Tiere
33%
Khan Noonien Singh Star Trek
32%
Andrew Ryan BioShock
26%
Rufus Shinra Final Fantasy
22%
Dr. Wily Mega Man
20%
Im und die Fünf Weisen One Piece
20%
Alcazar Tim und Struppi
17%
Keine übereinstimmenden Quizze gefunden
Verteilung der Resultate
Anzahl Personen mit jedem Resultat
Perzentil nach korrekt beantworteten Fragen
Ihre Resultats-Entwicklung
Sie haben dieses Quiz noch nicht gespielt